Animal world / (Record no. 5712)

MARC details
000 -LEADER
fixed length control field 00973nam a22002657a 4500
001 - CONTROL NUMBER
control field 5712
003 - CONTROL NUMBER IDENTIFIER
control field FISKH
005 - DATE AND TIME OF LATEST TRANSACTION
control field 20250115153557.0
008 - FIXED-LENGTH DATA ELEMENTS--GENERAL INFORMATION
fixed length control field 250115b cb ||||| |||| 00| 0 eng d
020 ## - INTERNATIONAL STANDARD BOOK NUMBER
International Standard Book Number 0439431387
040 ## - CATALOGING SOURCE
Original cataloging agency FISKH
Language of cataloging eng
Transcribing agency FISKH
Modifying agency FISKH
050 ## - LIBRARY OF CONGRESS CALL NUMBER
Classification number J590.03
082 ## - DEWEY DECIMAL CLASSIFICATION NUMBER
Classification number 590
100 ## - MAIN ENTRY--PERSONAL NAME
Personal name Howell, Laura
245 ## - TITLE STATEMENT
Title Animal world /
Statement of responsibility, etc. by Laura Howell, Kirsteen Rogers and Corinne Henderson
250 ## - EDITION STATEMENT
Edition statement First Scholastic printing, September 2002
260 ## - PUBLICATION, DISTRIBUTION, ETC.
Place of publication, distribution, etc. New York :
Name of publisher, distributor, etc. Scholastic ;
Date of publication, distribution, etc. New York .
300 ## - PHYSICAL DESCRIPTION
Extent 64 pages :
Other physical details color illustrations ;
Dimensions 28 cm .
490 ## - SERIES STATEMENT
Series statement Usborne Library of Science
520 ## - SUMMARY, ETC.
Summary, etc. Provides information on the various parts of animal bodies and how they are adapted to the ways different kinds of animals live and move, discusses environmental issues, and recommends related Web sites.
650 ## - SUBJECT ADDED ENTRY--TOPICAL TERM
Topical term or geographic name entry element informational
Form subdivision non-fiction
700 ## - ADDED ENTRY--PERSONAL NAME
Personal name Adami, Cristina
Relator term designer
942 ## - ADDED ENTRY ELEMENTS (KOHA)
Source of classification or shelving scheme Dewey Decimal Classification
Koha item type Books
Suppress in OPAC No
Holdings
Withdrawn status Lost status Source of classification or shelving scheme Damaged status Not for loan Collection Home library Current library Shelving location Date acquired Total Checkouts Full call number Barcode Date last seen Copy number Price effective from Koha item type
    Dewey Decimal Classification     Non-Fiction Footprints International School Library Network Toul Tom Poung Campus Footprints International School Library Network Toul Tom Poung Campus TTP Secondary Non-Fiction Bookshelves 01/15/2025   HOW 590 J590.03 FIS04760 01/15/2025 1 01/15/2025 Books
    Dewey Decimal Classification     Non-Fiction Footprints International School Library Network Toul Tom Poung Campus Footprints International School Library Network Toul Tom Poung Campus TTP Secondary Non-Fiction Bookshelves 08/18/2025   HOW 590 J590.03 FISSE00920 08/18/2025 2 08/18/2025 Books